Представление документа в формате RUSMARC

ПолеНазваниеЗначение
  Тип записи a
  Библиографический уровень a
001 Контрольный номер RU/CBS_UL/BASE/664510692
005 Дата корректировки 20240209175256.5
100 Данные общей обработки __
a Данные общей обработки 20210121d2021 ||| 0rusy0189 ca
101 Язык документа 0_
a Язык текста rus
102 Страна публикации __
a Страна публикации RU
105 Кодированные данные (монография) __
a Кодированные данные (монография) y###||||000|y
181 Поле кодированных данных: вид содержания _1
a Код вида содержания (ISBD) i#
b Код характеристики содержания (ISBD) #xxe##
d i
g x
h x
i e
2 Код системы (источник кода, отличный от ISBD) isbdcontent
182 Поле кодированных данных: тип средства _1
a Код типа средства (ISBD) n
2 Код системы (источник кода, отличный от ISBD) isbdmedia
200 Заглавие и сведения об ответственности 1_
a Заглавие Удивительные животные
b Общее обозначение материала Текст
e Сведения, относящиеся к заглавию [интересные факты о разных видах животных и насекомых]
w Текст (визуальный) : непосредственный
203 Вид содержания и тип средства __
a Вид содержания Текст
b Характеристика содержания визуальный
c Тип средства непосредственный
300 Общие примечания __
a Общие примечания Содерж. : Где живут самые большие бабочки ; Умеют ли лягушки летать ; Кто умеет прятаться лучше всех ; Бывают ли звери с карманами
333 Примечание о целевом назначении __
a Примечание о целевом назначении 6+
461 Уровень набора _0
1 2000
a Шишкин лес
463 Уровень физической единицы _0
1 001RU/CBS_UL/BASE/664501720
1 2000
a № 7
v С. 20-21 : фот., ил.
1 210
d 2019
606 Тематические рубрики 0_
a Основная рубрика Зоология занимательная
610 Ключевые слова 0_
a Ключевые слова зоология
a Ключевые слова занимательная зоология
a Ключевые слова животные
a Ключевые слова насекомые
a Ключевые слова бабочки
a Ключевые слова совка агриппа (бабочки)
a Ключевые слова лягушки
a Ключевые слова летающие лягушки
a Ключевые слова палочники
a Ключевые слова сумчатые животные
a Ключевые слова листовидки
a Ключевые слова интересные факты
686 Индексы других классификаций __
a Классификационный индекс 28.69
2 Код системы rubbk
801 Источник записи _0
a Страна RU
b Организация МБУК ЦБС г. Ульяновска
c Дата составления 20210121
g Правила каталогизации RCR
801 Источник записи _1
a Страна RU
b Организация МБУК ЦБС г. Ульяновска
c Дата составления 20210121
g Правила каталогизации RCR
901 Тип документа __
t Тип документа b
w Контрольный № источника RU/CBS_UL/BASE/664501720
910 Корректоры записи __
a Корректор записи Библиотека 1-2
938 Служебная информация __
a Имя БД period